|
|
|
|
| LEADER |
00000nam a2200000 a 4500 |
| 001 |
vtls001154846 |
| 003 |
SK-MaSNL |
| 005 |
20260301063217.0 |
| 008 |
240314s1991 CS 0 cze |
| 020 |
|
|
|a 8090057845
|
| 035 |
|
|
|a SNK000097737
|
| 040 |
|
|
|a SNK
|b slo
|c SNK
|e AACR2
|
| 041 |
0 |
|
|a cze
|
| 044 |
|
|
|a [CS]
|
| 100 |
1 |
|
|a Elstner, František Alexander,
|d 1902-1974
|4 aut
|9 113018
|
| 245 |
1 |
0 |
|a Uzly a laso
|c Frank A. Elstner
|
| 250 |
|
|
|a 2. vyd.
|
| 260 |
|
|
|a Ostrava
|b Sfinga
|c 1991
|
| 919 |
|
|
|a 80-900578-4-5
|
| 999 |
|
|
|c 623296
|d 625226
|
| 952 |
|
|
|t P60, <04>, [BOOK], {604}
|a SNK
|b SNK
|y NEVYP
|7 0
|p 17A0021198
|o snkIC 118204 D1
|0 0
|1 1
|4 0
|d 1996-11-11
|l 0
|r 2005-01-01 00:00:00
|w 2026-02-23
|